000 00822nam a2200253Ia 4500
003 OSt
005 20221005075219.0
006 a|||||r|||| 00| 0
007 ta
008 221004b |||||||| |||| 00| 0 urd d
020 _a9788180423116 (hbk)
_cINR 250.00
024 _a42212
037 _b2136, 16/03/2019, M.R.Publications
_cTextual
040 _aCRL
_cCRL
_burd
041 _2urd
_aurd
082 _aO168,6N06w, P0;Q5
100 _aMittal Prem Gopal Ed.
_9194622
245 0 _aGopal Mittal ki aapbeeti
_bLahore ka jo zikr kiya
260 _aNew Delhi
_bModern publishing house India
_c2015
300 _aviii+120p.
_ccm.
650 _aURDU PROSE
_926866
942 _hO168,6N06w, P0;Q5
_cTEXL
_2cc
999 _c984051
_d984051